Quiz o Kaliszu - Statystyki

Ogólne statystyki
  • Ten quiz został rozwiązany 27 razy
  • Średni wynik to 12 z 25
Statystyki odpowiedzi
Wskazówka Odpowiedź % Poprawnych
Dwie rzeki w mieście Prosna
91%
Wschodnia dzielnica miasta, od tej dzielnicy pochodzi nazwa słynnej firmy przypraw i majonezów Winiary
91%
Tablice rejestracyjne PK | PA | MK
86%
Kaliski klub piłkarski, występujący w II lidze KKS Kalisz
82%
Błędnie Kalisz jest nazywany... Polski, w rzeczywistości jest nim Złotoryja Najstarszym miastem
82%
Łacińska nazwa miasta Calisia
73%
Prezydent miasta Krystian Kinastowski
68%
Zbiornik w tej dzielnicy Zbiornik {Szałe}
64%
"Najmniejszy" kod pocztowy 62-800
59%
Szlak rowerowy przechodzący przez miasto {Bursztynowy} Szlak Rowerowy
50%
Nazwa stacji kolejowej położonej w zachodniej części miasta, również dzielnica Kalisz {Szczypiorno}
45%
Most drogowy na Prośnie, klasycystyczny, zbudowany w 1825 Most {Kamienny}
45%
Dwie rzeki w mieście Swędrnia
45%
Polskie przedsiębiorstwo odzieżowe z siedzibą w Kaliszu Big Star Limited
41%
Polska powieściopisarka, związana z Kaliszem Maria Dąbrowska
36%
Aglomeracja w której leży Kalisz Aglomeracja {Ostrowsko-Kaliska}
32%
Drogi krajowe w mieście DK12
32%
Drogi krajowe w mieście DK25
32%
Aktor, reżyser, nazywany "ojcem polskiego teatru", związany z Kaliszem Wojciech Bogusławski
27%
Coroczny festiwal teatralny w Kaliszu, założony w 1960 przez Tadeusza Kubalskiego Kaliskie {Spotkania Teatralne}
14%
Struga w Kaliszu Piwonia
14%
Polska spółka zarządzająca kolejami wąskotorowymi, założone w Kaliszu SKPL
14%
Kim jest osoba ukazana na herbie Kalisza? Trębaczem
14%
Rok nadania praw miejskich 1268
9%
Plac w dzielnicy Śródmieście, powstał według projektu Sylwestra Szpilowskiego Plac św. Józefa
5%
Nie znaleziono quizów pasujących do podanych kryteriów
Rozkład punktacji
Procent ludzi z każdym wynikiem
Percentyl według liczby udzielonych odpowiedzi
Twoja historia wyników
Nie rozwiązałeś tego quizu